000
00291nam a22001097a 4500
008
140529t xxu||||| |||| 00| 0 eng d
020
_a
978-0-534-49349-3
100
_a
James Armstrong
_9
923
245
_a
General, Organic, and Biochemistry
_b
an applied approach
300
_a
721
942
_2
ddc
_c
BK
999
_c
17161
_d
17161